000 00808nam a2200193 i 4500
001 84840
003 ES-MaACL
007 t|
008 041124s1904 sp ||||1| cat d
100 1 _aJokai, Maurici.
_966789
245 1 3 _aLa dama dells ulls de mar
_b: novela hungara /
_cper Maurici Jokai . Onze mentidas : descripcions humoristicas escritas en alemán / per Ferdinand Gross . La llegenda de la casa numero 15 : historieta de Nadal / escrita en idioma croata per Ida Furst ; traducció catalana de C.B [para las tres obras].
260 _aBarcelona :
_b[s.n.,
_c1904] (
_fLa Renaixensa)
300 _a206 p. ;
_c22 cm.
700 1 _aGross, Ferdinand.
_960162
700 1 _aFurst, Ida.
_953054
740 2 _aOnze mentidas.
740 3 _aLa llegenda de la casa numero 15.
852 _aES-MaACL
_jG-12730
999 _c84840
_d84840